| 000 | 01506 a2200205 4500 | ||
|---|---|---|---|
| 001 | 54559 | ||
| 005 | 20260407155819.0 | ||
| 008 | 260407a1961 arg spa d | ||
| 003 | AR-UNSa-BCEJYS | ||
| 040 |
_aAR-UNSa-BCEJYS _bspa _cAR-UNSa-BCEJYS |
||
| 080 |
_a658.011.56 _xAutomatización |
||
| 245 | 1 | 0 | _aConsecuencias económicas de la automación |
| 264 | 1 |
_aBuenos Aires : _bTEA (Tipográfica Editora Argentina) _c1961 |
|
| 300 |
_a294 p. _c21 cm. |
||
| 505 | _a1. ¿Qué significa Automación? - 2. Avance tecnológico - 3. Los límites de la automación - 4. La economía de la automación - 5. Algunos problemas económicos prácticos - 6. Producción con un exceso de ocupación - 7. ¿La automación trerá desocupación? - 8. Producción expansiva - 9. ¿Deflación o inflación? - 10. El triángulo salarios-ganancias-precios - 11. Necesidades de capital - 12. ¿Dejaron de existir los ciclos económicos - 13. La política monetaria en la era de la automación - 14. Problemas de la balanza de pagos - 15. La amenaza de la escasez de materias primas - 16. Consideraciones en materia fiscal - 17. Políticas de salarios - 18. ¿Control o libertad? - 19. Consideraciones sociales - 20. Cómo afecta a los países subdesarrollados - 21. El impacto de la automación sobre la defensa nacional - 22. Ventajas de la automación - 23. Desventajas de la automación - 24. ¿Qué debe hacerse? | ||
| 041 | _aspa | ||
| 942 | _cBK | ||
| 590 | _aniveau_biblio:m niveau_hierar:0 | ||
| 100 | 1 | _aEinzig, Paul | |
| 999 |
_c5639 _d5639 |
||